| 000 | 01287cam a2200397 a 4500 | ||
|---|---|---|---|
| 001 | 13718136 | ||
| 003 | OSt | ||
| 005 | 20140310184410.0 | ||
| 008 | 040914s2005 nyu d 000 1 eng | ||
| 010 | _a 2004021512 | ||
| 020 | _a0439680093 | ||
| 040 |
_aDLC _cDLC _dDLC |
||
| 042 | _alcac | ||
| 050 | 0 | 0 |
_aPZ 7 _b.H7875 2006 |
| 100 | 1 |
_aHorowitz, Anthony, _d1955- _926031 |
|
| 245 | 1 | 0 |
_aRaven's gate / _cAnthony Horowitz. |
| 250 | _a1st ed. | ||
| 260 |
_aNew York : _bScholastic Press, _c2006. |
||
| 300 |
_a254 p. : _c22 cm. |
||
| 490 | 1 | _aBook one of the Gatekeepers | |
| 521 | _aG4 | ||
| 526 | _c620 | ||
| 650 | 1 |
_aWitches _vFiction. _926032 |
|
| 650 | 1 |
_aStone circles _vFiction. _926033 |
|
| 650 | 1 |
_aSupernatural _vFiction. _926034 |
|
| 650 | 1 |
_aFoster home care _vFiction. _926035 |
|
| 650 | 1 |
_aIdentity _vFiction. _926036 |
|
| 651 | 1 |
_aYorkshire (England) _vFiction. _926037 |
|
| 651 | 1 |
_aEngland _vFiction. _926038 |
|
| 800 | 1 |
_aHorowitz, Anthony, _d1955- _tGatekeepers ; _vbk. 1. _926039 |
|
| 906 |
_a7 _bcbc _corignew _d1 _eecip _f20 _gy-gencatlg |
||
| 942 |
_2lcc _cBK-SCHOLAS |
||
| 999 |
_c34091 _d34091 |
||